| 000 | 00455nam a2200169Ia 4500 | ||
|---|---|---|---|
| 999 |
_c30387 _d30387 |
||
| 003 | OSt | ||
| 005 | 20201117100409.0 | ||
| 008 | 190216s9999||||xx |||||||||||||| ||und|| | ||
| 040 | _coclc | ||
| 082 |
_a894.8123 _bKOV/T |
||
| 100 |
_aKovilan _95743 |
||
| 245 | 0 |
_aThazhvarakal / _cKovilan |
|
| 260 |
_bCurrent Books, _aThrissur: _c1999. |
||
| 300 | _a224p | ||
| 650 | _aNovel | ||
| 942 |
_cBK _2ddc _h894.8123 _iKOV/T _k894.8123 _mKOV/T |
||